You're on the air / (Record no. 33381)
[ view plain ]
| 000 -LEADER | |
|---|---|
| fixed length control field | 00820cam a2200301 4500 |
| 001 - CONTROL NUMBER | |
| control field | 772114 |
| 003 - CONTROL NUMBER IDENTIFIER | |
| control field | OSt |
| 005 - DATE AND TIME OF LATEST TRANSACTION | |
| control field | 20140310184252.0 |
| 008 - FIXED-LENGTH DATA ELEMENTS--GENERAL INFORMATION | |
| fixed length control field | 730220s1972 paua 001 0 eng |
| 010 ## - LIBRARY OF CONGRESS CONTROL NUMBER | |
| LC control number | 72087455 |
| 020 ## - INTERNATIONAL STANDARD BOOK NUMBER | |
| International Standard Book Number | 9780439672412 |
| 040 ## - CATALOGING SOURCE | |
| Original cataloging agency | DLC |
| Transcribing agency | DLC |
| Modifying agency | DLC |
| 050 00 - LIBRARY OF CONGRESS CALL NUMBER | |
| Classification number | PN 1991.55 |
| Item number | .F325 2004 |
| 100 1# - MAIN ENTRY--PERSONAL NAME | |
| Personal name | Feltes, Kim. |
| 9 (RLIN) | 22784 |
| 245 10 - TITLE STATEMENT | |
| Title | You're on the air / |
| Statement of responsibility, etc | Kim Feltes and Elsa Reyes. |
| 260 ## - PUBLICATION, DISTRIBUTION, ETC. (IMPRINT) | |
| Place of publication, distribution, etc | New York : |
| Name of publisher, distributor, etc | Scholastic Inc., |
| Date of publication, distribution, etc | 2004. |
| 300 ## - PHYSICAL DESCRIPTION | |
| Extent | 24 p. : |
| Other physical details | ill. ; |
| Dimensions | 19 cm. |
| 521 ## - TARGET AUDIENCE NOTE | |
| Target audience note | |
| 526 ## - STUDY PROGRAM INFORMATION NOTE | |
| Reading level | 280 |
| 541 ## - IMMEDIATE SOURCE OF ACQUISITION NOTE | |
| -- | 1 |
| 541 ## - IMMEDIATE SOURCE OF ACQUISITION NOTE | |
| -- | 2 |
| 541 ## - IMMEDIATE SOURCE OF ACQUISITION NOTE | |
| -- | 3 |
| 650 #0 - SUBJECT ADDED ENTRY--TOPICAL TERM | |
| Topical term or geographic name as entry element | Broadcasting |
| General subdivision | Vocational guidance. |
| 9 (RLIN) | 22785 |
| 700 ## - ADDED ENTRY--PERSONAL NAME | |
| Personal name | Reyes, Elsa. |
| 9 (RLIN) | 22786 |
| 906 ## - LOCAL DATA ELEMENT F, LDF (RLIN) | |
| a | 7 |
| b | cbc |
| c | orignew |
| d | 2 |
| e | opcn |
| f | 19 |
| g | y-gencatlg |
| 942 ## - ADDED ENTRY ELEMENTS (KOHA) | |
| Source of classification or shelving scheme | Library of Congress Classification |
| Koha item type | |
| Withdrawn status | Lost status | Source of classification or shelving scheme | Damaged status | Home library | Current library | Shelving location | Date acquired | Total Checkouts | Full call number | Barcode | Date last seen | Copy number | Price effective from | Koha item type |
|---|---|---|---|---|---|---|---|---|---|---|---|---|---|---|
| Library of Congress Classification | Luxembourg Library | Luxembourg Library | Scholastic Reading Center Section | 10/02/2013 | PN 1991.55 .F325 2004 | LEX0977 | 04/18/2017 | 1 | 10/02/2013 | Books | ||||
| Library of Congress Classification | Luxembourg Library | Luxembourg Library | Scholastic Reading Center Section | 10/02/2013 | PN 1991.55 .F325 2004 | LEX1586 | 04/18/2017 | 1 | 01/30/2014 | Books | ||||
| Library of Congress Classification | Luxembourg Library | Luxembourg Library | Scholastic Reading Center Section | 10/02/2013 | PN 1991.55 .F325 2004 | LEX1585 | 04/18/2017 | 3 | 10/02/2013 | Books | ||||
| Library of Congress Classification | Luxembourg Library | Luxembourg Library | Scholastic Reading Center Section | 10/19/2013 | PN 1991.55 .F325 2004 | SCHO0376 | 04/18/2017 | 10/19/2013 | Books |